Vietnam education and training directory /

Names, addresses, phone and fax numbers, electronic mail and website addresses, some data and description for pre-kindergarten through higher educational and training institutes, research institutes, educational printers, and educational equipment makers.

Guardado en:
Detalles Bibliográficos
Autor Corporativo: Vietnam. Bộ giáo dục và đào tạo.
Formato: Libro
Lenguaje:English
Publicado: [Hanoi] : Education Pub. House, c2004.
Edición:3rd ed.
Materias:
Etiquetas: Agregar Etiqueta
Sin Etiquetas, Sea el primero en etiquetar este registro!
Thư viện lưu trữ: Mạng thư viện Đại học Đà Nẵng
LEADER 01378nam a22003011a 4500
001 000034571
003 10774
005 20220720105459.0
008 151027s2004 000 eng
040 |a lnn  |c lnn  |d lnn 
082 0 0 |a 597  |b VI-E 
245 0 0 |a Vietnam education and training directory /  |c Ministry of Education and Training, International Co-operation Department. 
250 |a 3rd ed. 
260 |a [Hanoi] :  |b Education Pub. House,  |c c2004. 
300 |a 707 p. :  |b ill., map ;  |c 22 cm. 
504 |a Includes bibliographical references (p. 707). 
520 |a Names, addresses, phone and fax numbers, electronic mail and website addresses, some data and description for pre-kindergarten through higher educational and training institutes, research institutes, educational printers, and educational equipment makers. 
650 0 |a Education  |z Vietnam  |v Directories. 
710 1 |a Vietnam.  |b Bộ giáo dục và đào tạo. 
OWN |a LNN 
AVA |a UDN50  |b LNN  |c English  |d 420.30 TR-D  |e available  |t Error 5001 Not defined in file expand_doc_bib_avail.  |f 1  |g 0  |h N  |i 0  |j AN  |k 1 
999 |a From the UDN01 
AVA |a UDN50  |b LNN  |c English  |d 420.30 TR-D  |e available  |t Error 5001 Not defined in file expand_doc_bib_avail.  |f 1  |g 0  |h N  |i 0  |j AN  |k 1 
TYP |a Monograph 
980 |a Mạng thư viện Đại học Đà Nẵng